000 00617nam a2200229Ia 4500
003 OSt
005 20220926001043.0
006 a|||||r|||| 00| 0
007 ta
008 220923b |||||||| |||| 00| 0 eng d
037 _cGeneral Book
040 _aRTL
_cRTL
_beng
041 _2eng
_aeng
082 _aX:89M.2.N7, L9
100 _aRao T
_9303394
245 0 _aPerformance Appraisal and Review
260 _a New Delhi
_bLearnig Systems India
_c1979
300 _a114p
_ccm.
650 _aWork study
_9234105
942 _hX:89M.2.N7, L9
_cGB
_2CC
999 _c600316
_d600316